000 00703pam a2200217 a 4500
020 _a0471043656
082 0 0 _a531
_bCHO
_cL-nust,p-26
100 1 _aChow, Tai L.
_939806
245 1 0 _aClassical mechanics /
_cTai L. Chow.
260 _aNew York :
_bWiley,
_cc1995.
300 _ax, 547 p. :
_bill. ;
_c26 cm.
500 _aIncludes index.
526 _a0
_b0
_c0
_d531_000000000000000_CHO
526 _a0
_b0
_c0
_d531_000000000000000_CHO
526 _a0
_b0
_c0
_d531_000000000000000_CHO
650 0 _aMCE
_9379
650 0 _aMechanics.
_910681
856 4 _uhttp://www.loc.gov/catdir/toc/onix01/94039839.html
856 4 2 _uhttp://www.loc.gov/catdir/description/wiley031/94039839.html
942 _2ddc
_cBK
999 _c544234
_d544234